Best Pickleball Players in the World - Statistics

General Stats
  • This quiz has been taken 7 times
  • The average score is 4 of 10
Answer Stats
Rank Answer Country of Origin % Correct
#1 Ben Johns United States
100%
#2 Gabriel Tardio Bolivia
86%
#5 Hayden Patriquin United States
71%
#3 Christian Alshon United States
57%
#6 Andrei Daescu Romania
43%
#4 JW Johnson United States
43%
#8 Federico Staksrud Argentina
29%
#7 CJ Klinger United States
0%
#10 Dylan Frazier United States
0%
#9 Eric Oncins Brazil
0%
No matching quizzes found
Score Distribution
Percent of People with Each Score
Percentile by Number Answered
Your Score History
You have not taken this quiz